|
|
|
|
| LEADER |
00000nam a2200000 a 4500 |
| 001 |
Si1041 |
| 005 |
20240122161903.0 |
| 008 |
013030| ||||||||r|||||||||||spa|| |
| 020 |
|
|
|a 9978407162
|
| 040 |
|
|
|b spa
|
| 041 |
1 |
|
|a spa
|
| 082 |
0 |
|
|a 333.7
|
| 245 |
|
|
|a Metodología de extensión participativa con enfoque de género para el manejo de recursos naturales
|b proyecto manejo del uso sostenible de tierras andinas Promusta
|c Edwin Robayo, y Otto Zambrano
|h imp
|
| 264 |
|
|
|a Quito
|b MAG
|c s.f.
|
| 300 |
|
|
|a 97 páginas:
|b ilu
|c 22 cm
|
| 650 |
1 |
|
|a Recursos naturales
|9 4285
|
| 650 |
1 |
|
|a Manejo de recursos naturales
|9 116559
|
| 650 |
|
|
|a Extension participativa
|9 100769
|
| 700 |
1 |
|
|a Robayo, Edwin.
|9 118038
|
| 700 |
1 |
|
|a Zambrano, Otto
|9 121129
|
| 852 |
|
|
|a UC-YANUNCAY
|c SALA 1 AGROPECUARIAS
|f Compra
|k esthela.duran
|l 1
|m General
|p 20130306
|q 5,00
|t Si1041
|v agro
|w Ingeniería Agronómica
|b 0
|d CDRY
|e CDRY
|g 333.7 SALA 1 AGROPECUARIAS
|z 2013-30-30
|
| 942 |
|
|
|c BK
|
| 999 |
|
|
|c 71614
|d 71614
|